000 00595nam a22001817a 4500
003 OSt
005 20260317110856.0
008 260317b |||||||| |||| 00| 0 eng d
010 _a701079755
020 _a0446607258
040 _cGrand Central Publishing,
050 _aBL 310 .H3 1942
_b.H3 1942
245 _aMYTHOLOGY:
_bTIMELESS TALES OF GODS AND HEROES/
_cHAMILTON, EDITH
250 _a1ST EDITION.
260 _aNEWYORK:
_bGRAND CENTRAL PUBLISHING,
_c1942
300 _a352 Pages,
_bhardcover, includes bibliographic index and references
_cill. : col.; 17 cm
942 _2lcc
_cBK
_e1st ed.
_n0
999 _c9990
_d9990